| 000 | 01171nam a22002657a 4500 | ||
|---|---|---|---|
| 005 | 20170124103152.0 | ||
| 010 | _aA-818107 | ||
| 020 | _c100.00 | ||
| 035 | _aA-818107 | ||
| 037 | _bCen Lib/Ret | ||
| 040 |
_aDPL _bHN |
||
| 082 |
_a079.54 _bअनुजा |
||
| 100 |
_aअनुजा, मंगला _988318 |
||
| 245 |
_aभारतीय पत्रकारिता : _cमंगला अनुजा _bनीव के पत्थर / |
||
| 246 |
_aBhartiya patrakarita : neev ke patthar / _bby Mangla Anuja |
||
| 260 |
_aभोपाल _bमध्यप्रदेश हिन्दी ग्रन्थ अकादमी _c1996 |
||
| 270 |
_a _bभोपाल |
||
| 300 |
_a322पृ. _c21सेमी (सजिल्द) |
||
| 500 | _aसंदर्भ सूची शामिल | ||
| 650 |
_aपत्रकारिता - भारत। _93173 |
||
| 650 |
_aपत्रकारिता का उद्भव और संघर्ष _988319 |
||
| 650 |
_aJournalism -- India. _935327 |
||
| 650 |
_aThe emergence of journalism and conflict _988320 |
||
| 942 |
_2ddc _cHN _h079.54 _mअनुजा |
||
| 999 |
_c120065 _d120065 |
||